Music Quiz

Random Music or Clickable Quiz

Nightwish, Evanescence, or Within Temptation Quiz Stats

 Plays Quiz not verified by Sporcle

Challenge
Share
Tweet
Embed
Score 0/18 Timer 05:00
0 Plays Today
% Correct
Evanescence
86.9%
Evanescence
86.4%
Evanescence
85.8%
Evanescence
85.1%
Evanescence
84.4%
Nightwish
83.9%
Evanescence
83.9%
Nightwish
83%
Nightwish
82.9%
% Correct
Nightwish
82.3%
Nightwish
82.3%
Nightwish
81.4%
Within Temptation
79.7%
Within Temptation
79.6%
Within Temptation
79.4%
Within Temptation
79.3%
Within Temptation
79.1%
Within Temptation
78.2%

You're not logged in!

Compare scores with friends on all Sporcle quizzes.
Join for Free
OR
Log In

You Might Also Like...

Show Comments

Extras

Top Quizzes Today


Score Distribution

Your Account Isn't Verified!

In order to create a playlist on Sporcle, you need to verify the email address you used during registration. Go to your Sporcle Settings to finish the process.

Report this User

Report this user for behavior that violates our Community Guidelines.

Details: